Jahreshitparaden 2010-2019 - Statistiken

Allgemein
  • Dieses Quiz wurde 582 mal gespielt
  • Das Durchschnittsergebnis liegt bei 38 aus 100
Antwortstatistiken
Rang Interpret Song % Korrekt
3. Lena Meyer-Landrut Satellite
86%
1. Helene Fischer Atemlos durch die Nacht
82%
10. Kesha Tik Tok
75%
2. Pharrell Williams Happy
74%
6. Carly Rae Jepsen Call Me Maybe
71%
8. Psy Gangnam Style
71%
6. Sido feat. Andreas Bourani Astronaut
70%
4. Unheilig Geboren um zu leben
69%
7. Adele Hello
67%
3. Apache 207 Roller
67%
1. Ed Sheeran Shape of You
65%
2. Luis Fonsi feat. Daddy Yankee Despacito
64%
1. Israel Kamakawiwoʻole Somewhere over the Rainbow / What a Wonderful World
64%
2. Shakira feat. Freshlyground Waka Waka (This Time for Africa)
64%
6. Billie Eilish Bad Guy
60%
2. Tones and I Dance Monkey
58%
9. Wiz Khalifa feat. Charlie Puth See You Again
58%
2. Die Toten Hosen Tage wie diese
58%
4. Juju feat. Henning May Vermissen
58%
3. Bruno Mars Grenade
57%
1. Omi (Felix Jaehn Remix) Cheerleader
56%
4. Adele Rolling in the Deep
55%
3. | 8. Bausa Was du Liebe nennst
55%
5. Passenger Let Her Go
54%
10. Tim Bendzko Nur noch kurz die Welt retten
54%
7. Shawn Mendes & Camila Cabello Señorita
53%
1. Lil Nas X Old Town Road
52%
1. Jennifer Lopez feat. Pitbull On the Floor
52%
4. Andreas Bourani Auf uns
51%
1. Alan Walker Faded
51%
7. Macklemore & Ryan Lewis feat. Wanz Thrift Shop
51%
9. Rag ’n’ Bone Man Human
50%
8. LMFAO feat. Lauren Bennett & GoonRock Party Rock Anthem
49%
1. Avicii Wake Me Up
49%
7. Stromae Alors on danse
48%
4. Gotye feat. Kimbra Somebody That I Used to Know
48%
6. K’naan Wavin’ Flag
48%
9. Imagine Dragons Radioactive
46%
5. Mark Forster feat. Sido Au revoir
45%
2. Robin Thicke feat. T.I. + Pharrell Blurred Lines
45%
6. Macklemore & Ryan Lewis feat. Ray Dalton Can’t Hold Us
45%
2. Ed Sheeran Perfect
43%
2. Stereoact feat. Kerstin Ott Die immer lacht
42%
9. Loreen Euphoria
42%
4. Daft Punk feat. Pharrell Williams Get Lucky
39%
8. Twenty One Pilots Stressed Out
39%
4. Imagine Dragons Thunder
39%
7. Rihanna Diamonds
37%
3. Will.i.am & Britney Spears Scream & Shout
37%
9. Cro Traum
37%
5. Major Lazer & DJ Snake feat. Mø Lean On
35%
6. El Profesor (Hugel Remix) Bella Ciao
34%
9. Marshmello & Anne-Marie Friends
33%
2. Alexandra Stan Mr. Saxobeat
33%
3. Sia feat. Sean Paul Cheap Thrills
31%
3. Lykke Li I Follow Rivers
31%
5. Ava Max Sweet but Psycho
30%
10. Ed Sheeran Galway Girl
29%
10. Naughty Boy feat. Sam Smith La La La
28%
3. Mr. Probz (Robin Schulz Remix) Waves
28%
8. Robin Schulz feat. Francesco Yates Sugar
27%
7. Clean Bandit feat. Jess Glynne Rather Be
26%
4. Ellie Goulding Love Me like You Do
25%
3. The Chainsmokers & Coldplay Something Just Like This
25%
6. Axwell Λ Ingrosso More Than You Know
24%
4. Calvin Harris & Dua Lipa One Kiss
24%
10. Olly Murs feat. Rizzle Kicks Heart Skips a Beat
23%
8. Capital Cities Safe and Sound
23%
7. Snoop Dogg vs. David Guetta Sweat
23%
3. Felix Jaehn feat. Jasmine Thompson Ain’t Nobody (Loves Me Better)
21%
1. Michel Teló Ai Se Eu Te Pego!
21%
10. Justin Timberlake Can’t Stop the Feeling!
21%
8. Ed Sheeran I See Fire
21%
9. Pitbull feat. Ne-Yo, Afrojack & Nayer Give Me Everything
20%
5. Asaf Avidan & the Mojos (Wankelmut Remix) One Day / Reckoning Song
20%
7. Namika feat. Black M (Beatgees Remix) Je ne parle pas français
19%
5. Drake feat. WizKid & Kyla One Dance
19%
7. The Chainsmokers feat. Daya Don’t Let Me Down
18%
8. Ed Sheeran & Justin Bieber I Don’t Care
18%
1. Dynoro & Gigi D’Agostino In My Mind
18%
8. Hurts Wonderful Life
18%
9. Keri Hilson I Like
17%
8. Clean Bandit feat. Demi Lovato Solo
17%
5. Yolanda Be Cool & DCUP We No Speak Americano
17%
6. Marlon Roudette New Age
16%
6. Lilly Wood & the Prick (Robin Schulz Remix) Prayer in C
16%
9. French Montana feat. Swae Lee Unforgettable
16%
2. Lost Frequencies Are You with Me
14%
5. Pietro Lombardi Call My Name
14%
9. Capital Bra & Samra Tilidin
14%
10. Luis Fonsi & Demi Lovato Échame la Culpa
13%
10. Kygo feat. Conrad Sewell Firestone
12%
6. Kungs vs. Cookin’ on 3 Burners This Girl
11%
10. Samra & Capital Bra Wieder Lila
11%
4. Imany (Filatov & Karas Remix) Don’t Be So Shy
10%
7. Robin Schulz feat. James Blunt OK
10%
5. Burak Yeter feat. Danelle Sandoval Tuesday
10%
10. OneRepublic Love Runs Out
6%
5. Dennis Lloyd Nevermind
5%
Keine übereinstimmenden Quizze gefunden
Verteilung der Resultate
Anzahl Personen mit jedem Resultat
Perzentil nach korrekt beantworteten Fragen
Ihre Resultats-Entwicklung
Sie haben dieses Quiz noch nicht gespielt